<?xml version="1.0" encoding="UTF-8"?>
<collection xmlns="http://www.loc.gov/MARC21/slim">
 <record>
  <leader>01121pam a22002898a 4500</leader>
  <controlfield tag="001">00046443</controlfield>
  <controlfield tag="005">20210222160200.0</controlfield>
  <controlfield tag="008">170515s2012                  ||||||Viesd</controlfield>
  <datafield tag="020" ind1="#" ind2="#">
   <subfield code="a">9786049931932</subfield>
   <subfield code="c">114000</subfield>
  </datafield>
  <datafield tag="041" ind1="0" ind2="#">
   <subfield code="a">Vie</subfield>
  </datafield>
  <datafield tag="082" ind1="1" ind2="4">
   <subfield code="a">541</subfield>
   <subfield code="b">TH300NGH</subfield>
  </datafield>
  <datafield tag="245" ind1="1" ind2="0">
   <subfield code="a">Thí nghiệm hóa lý</subfield>
   <subfield code="c">Cao Hồng Hà (ch.b.); Trần Thị Thanh Thủy, Lê Trọng Huyền,... [và những người khác]</subfield>
  </datafield>
  <datafield tag="260" ind1="#" ind2="#">
   <subfield code="a">Hà Nội</subfield>
   <subfield code="b">Bách khoa Hà Nội</subfield>
   <subfield code="c">2020</subfield>
  </datafield>
  <datafield tag="300" ind1="#" ind2="#">
   <subfield code="a">195tr.</subfield>
   <subfield code="c">24cm</subfield>
  </datafield>
  <datafield tag="653" ind1="#" ind2="#">
   <subfield code="a">Hóa lý</subfield>
  </datafield>
  <datafield tag="653" ind1="#" ind2="#">
   <subfield code="a">Thí nghiệm</subfield>
  </datafield>
  <datafield tag="700" ind1="#" ind2="#">
   <subfield code="a">Cao Hồng Hà</subfield>
   <subfield code="e">Chủ biên</subfield>
  </datafield>
  <datafield tag="700" ind1="#" ind2="#">
   <subfield code="a">Trần Vân Anh</subfield>
  </datafield>
  <datafield tag="700" ind1="#" ind2="#">
   <subfield code="a">Lê Trọng Huyền</subfield>
  </datafield>
  <datafield tag="700" ind1="#" ind2="#">
   <subfield code="a">Nghiêm Thị Thương</subfield>
  </datafield>
  <datafield tag="700" ind1="#" ind2="#">
   <subfield code="a">Nguyễn Ngọc Tuệ</subfield>
  </datafield>
  <datafield tag="700" ind1="#" ind2="#">
   <subfield code="a">Nguyễn Thu Hà</subfield>
  </datafield>
  <datafield tag="700" ind1="#" ind2="#">
   <subfield code="a">Phạm Văn Tiến</subfield>
  </datafield>
  <datafield tag="700" ind1="#" ind2="#">
   <subfield code="a">Trần Thị Thanh Thủy</subfield>
  </datafield>
  <datafield tag="852" ind1="#" ind2="#">
   <subfield code="j">KD.0027819</subfield>
   <subfield code="j">KM.0035253</subfield>
   <subfield code="j">KM.0035254</subfield>
   <subfield code="j">KM.0035255</subfield>
   <subfield code="j">KM.0035256</subfield>
   <subfield code="j">KM.0035257</subfield>
   <subfield code="j">KM.0035258</subfield>
   <subfield code="j">KM.0035259</subfield>
   <subfield code="j">KM.0035260</subfield>
   <subfield code="j">KM.0035261</subfield>
  </datafield>
  <datafield tag="910" ind1="#" ind2="#">
   <subfield code="d">22/02/2021</subfield>
  </datafield>
  <datafield tag="980" ind1="#" ind2="#">
   <subfield code="a">Trung tâm Học liệu Lê Vũ Hùng, Trường Đại học Đồng Tháp</subfield>
  </datafield>
 </record>
</collection>
